[Event "Vaujany op-A 6th"]
[Site "Vaujany"]
[Date "2015.07.11"]
[Round "3"]
[White "Foisor, Sabina Francesca"]
[Black "Arcusa, Michel"]
[Result "1-0"]
[WhiteElo "2212"]
[BlackElo "1869"]
[PlyCount "82"]
[EventDate "2015.07.09"]
[EventType "swiss"]
[EventRounds "9"]
[EventCountry "FRA"]
[SourceTitle "EXT 2016"]
[Source "ChessBase"]
[SourceDate "2015.10.08"]
[SourceVersion "1"]
[SourceVersionDate "2015.10.08"]
[SourceQuality "1"]

1. d4 Nf6 2. c4 e6 3. Nc3 b6 4. a3 Bb7 5. Nf3 Be7 6. Bf4 0-0 7. e3 d5 8. Qc2 a6 9. Bd3 Nbd7 10. 0-0 dxc4 11. Bxc4 c5 12. Ba2 cxd4 13. exd4 Bxf3 14. gxf3 Rc8 15. Qe2 b5 16. Rad1 Nb6 17. Bg3 Nfd5 18. Ne4 Qd7 19. f4 Rfe8 20. Bb1 g6 21. Ng5 Nf6 22. Rfe1 Bf8 23. Nf3 Nbd5 24. Ne5 Qa7 25. Qf3 Bh6 26. Bh4 Bg7 27. Rd2 Rc7 28. Ba2 Rec8 29. Bxf6 Nxf6 30. Nxf7 Kxf7 31. Bxe6+ Kf8 32. Bxc8 Rxc8 33. d5 Qd7 34. Re6 a5 35. f5 g5 36. d6 Re8 37. Rde2 Kg8 38. Rxe8+ Nxe8 39. Qd5+ Kh8 40. Qa8 Qxd6 41. Rxe8+ Bf8 1-0

[Event "Saint Affrique op 22nd"]
[Site "Saint Affrique"]
[Date "2014.07.21"]
[Round "3"]
[White "Meyer, Eric"]
[Black "Arcusa, Michel"]
[Result "0-1"]
[WhiteElo "1622"]
[BlackElo "1865"]
[PlyCount "60"]
[EventDate "2014.07.19"]
[EventType "swiss"]
[EventRounds "9"]
[EventCountry "FRA"]
[SourceTitle "CBM 161 Extra"]
[Source "ChessBase"]
[SourceDate "2014.08.29"]
[SourceVersion "1"]
[SourceVersionDate "2014.08.29"]
[SourceQuality "1"]

1. d4 Nf6 2. c4 e6 3. Nc3 Bb4 4. Nf3 c5 5. e3 0-0 6. Bd3 d5 7. Bd2 Nc6 8. a3 cxd4 9. exd4 dxc4 10. Bxc4 Be7 11. 0-0 Nxd4 12. Bf4 Nxf3+ 13. Qxf3 a6 14. Rfe1 Qb6 15. b4 Bd7 16. Be2 Bc6 17. Qg3 Nd5 18. Be5 f6 19. Nxd5 Bxd5 20. Bf4 Rfc8 21. Bd3 a5 22. Qh4 g6 23. Qg3 Kf7 24. Qh4 h5 25. Bd2 axb4 26. axb4 Rxa1 27. Rxa1 f5 28. Qf4 g5 29. Qe5 Bf6 30. Qg3 h4 0-1

[Event "Saint Affrique op 16th"]
[Site "Saint Affrique"]
[Date "2008.07.19"]
[Round "1"]
[White "Gozzoli, Yannick"]
[Black "Arcusa, Michel"]
[Result "1-0"]
[WhiteElo "2502"]
[BlackElo "1899"]
[PlyCount "75"]
[EventDate "2008.07.19"]
[EventType "swiss"]
[EventRounds "9"]
[EventCountry "FRA"]
[SourceTitle "CBM 125 Extra"]
[Source "ChessBase"]
[SourceDate "2008.09.01"]
[SourceVersion "1"]
[SourceVersionDate "2008.09.01"]
[SourceQuality "1"]

1. d4 Nf6 2. c4 e6 3. Nf3 Bb4+ 4. Nbd2 Ne4 5. a3 Bxd2+ 6. Nxd2 Nxd2 7. Bxd2 0-0 8. e4 d6 9. Bc3 Nd7 10. g3 b6 11. Bg2 Bb7 12. 0-0 f5 13. d5 e5 14. f4 exf4 15. Rxf4 fxe4 16. Rxe4 Nf6 17. Qd4 Qd7 18. Re6 Rae8 19. Rf1 Bc8 20. g4 c5 21. dxc6 Qxe6 22. Bd5 Qxd5 23. cxd5 Re4 24. Qd3 Rxg4+ 25. Kh1 Rg6 26. Bxf6 Rgxf6 27. Rxf6 Rxf6 28. Kg2 g6 29. a4 Kg7 30. b4 Kg8 31. a5 bxa5 32. bxa5 a6 33. Qe3 Kg7 34. Qe7+ Rf7 35. Qxd6 Bf5 36. Qe5+ Kh6 37. d6 Bd3 38. Qe3+ 1-0

[Event "Provence-ch prom Vitrolles 9394"]
[Site "France"]
[Date "1993.??.??"]
[Round "3"]
[White "Midoux, Sebastien"]
[Black "Arcusa, Michel"]
[Result "1-0"]
[WhiteElo "1930"]
[BlackElo "1770"]
[PlyCount "68"]
[EventDate "1993.??.??"]
[EventType "tourn"]
[EventRounds "9"]
[EventCountry "FRA"]
[SourceTitle "EXT 2005"]
[Source "ChessBase"]
[SourceDate "2004.11.15"]
[SourceVersion "1"]
[SourceVersionDate "2004.11.15"]
[SourceQuality "1"]

1. e4 c6 2. Nf3 d5 3. Nc3 d4 4. Ne2 c5 5. Ng3 a6 6. Bc4 e6 7. d3 Nc6 8. a4 Nf6 9. 0-0 h6 10. Qe2 Nd7 11. Nd2 Nde5 12. f4 Nxc4 13. Nxc4 Rb8 14. a5 Qc7 15. e5 g6 16. Ne4 Be7 17. Bd2 Bd7 18. Ned6+ Kf8 19. f5 exf5 20. g4 Be6 21. gxf5 gxf5 22. Qh5 Bxd6 23. Bxh6+ Ke8 24. exd6 Qd8 25. Rae1 Qf6 26. Bg5 Rxh5 27. Bxf6 b5 28. axb6 Kd7 29. Ne5+ Nxe5 30. Bxe5 Rxb6 31. b3 Rc6 32. Ra1 Rb6 33. Ra5 Rh7 34. Rfa1 Rh3 1-0

[Event "Provence-ch prom Vitrolles 9394"]
[Site "France"]
[Date "1993.??.??"]
[Round "4"]
[White "Navarro, JM."]
[Black "Arcusa, Michel"]
[Result "0-1"]
[WhiteElo "1750"]
[BlackElo "1930"]
[PlyCount "56"]
[EventDate "1993.??.??"]
[EventType "tourn"]
[EventRounds "9"]
[EventCountry "FRA"]
[SourceTitle "EXT 2005"]
[Source "ChessBase"]
[SourceDate "2004.11.15"]
[SourceVersion "1"]
[SourceVersionDate "2004.11.15"]
[SourceQuality "1"]

1. d4 c6 2. c4 d5 3. cxd5 cxd5 4. Nc3 Nc6 5. Nf3 Bg4 6. e3 e6 7. Be2 Nf6 8. a3 a6 9. 0-0 Bd6 10. Bd2 Qc7 11. h3 h5 12. Qc2 Ke7 13. b4 Bxf3 14. Bxf3 g5 15. g3 g4 16. Bg2 gxh3 17. Bxh3 Bxg3 18. fxg3 Qxg3+ 19. Bg2 Rag8 20. Rf2 h4 21. Ne2 Qg7 22. Nf4 h3 23. b5 hxg2 24. Rxg2 Qh6 25. Qc5+ Ke8 26. bxc6 Ne4 27. Qe7+ Kxe7 28. Bb4+ Ke8 0-1

[Event "Provence-chB"]
[Site "Provence"]
[Date "1991.??.??"]
[Round "8"]
[White "Arcusa, Michel"]
[Black "Anton, Jose"]
[Result "0-1"]
[WhiteElo "1840"]
[BlackElo "1800"]
[PlyCount "68"]
[EventDate "1991.??.??"]
[EventType "swiss"]
[EventRounds "9"]
[EventCountry "FRA"]
[SourceTitle "EXT 2005"]
[Source "ChessBase"]
[SourceDate "2004.11.15"]
[SourceVersion "1"]
[SourceVersionDate "2004.11.15"]
[SourceQuality "1"]

1. c4 e5 2. Nc3 Nf6 3. Nf3 Nc6 4. d3 d5 5. cxd5 Nxd5 6. g3 Be7 7. Bg2 Nb6 8. Be3 0-0 9. 0-0 Be6 10. a3 a5 11. Na4 f5 12. Nc5 Bd5 13. Nxb7 Qb8 14. Nc5 f4 15. Qd2 fxe3 16. Qxe3 Bd6 17. Ne4 Nd7 18. Rfb1 Qe8 19. Nc3 Bc5 20. Qd2 Bxf3 21. Bxf3 Nd4 22. Qd1 Nxf3+ 23. exf3 Qh5 24. Kg2 Ra6 25. Ne4 Rh6 26. Qb3+ Kh8 27. Qd5 Qxh2+ 28. Kf1 Qh1+ 29. Ke2 Qxf3+ 30. Kd2 Rd6 31. Qc4 Nb6 32. Qc3 Qxe4 33. Qxc5 Rxd3+ 34. Kc1 Qe1+ 0-1

[Event "Provence-chB"]
[Site "Provence"]
[Date "1990.??.??"]
[Round "6"]
[White "Cagneaux, Eric"]
[Black "Arcusa, Michel"]
[Result "0-1"]
[WhiteElo "1650"]
[BlackElo "1750"]
[PlyCount "114"]
[EventDate "1990.??.??"]
[EventType "swiss"]
[EventRounds "7"]
[EventCountry "FRA"]
[SourceTitle "EXT 2005"]
[Source "ChessBase"]
[SourceDate "2004.11.15"]
[SourceVersion "1"]
[SourceVersionDate "2004.11.15"]
[SourceQuality "1"]

1. e4 c5 2. Nf3 d6 3. c3 Nf6 4. Qc2 Bg4 5. Be2 Nc6 6. 0-0 g6 7. d3 Bg7 8. Be3 Rc8 9. h3 Bxf3 10. Bxf3 0-0 11. Qd2 Qa5 12. Bh6 b5 13. Bxg7 Kxg7 14. Na3 Rb8 15. Rfd1 Ne5 16. Be2 b4 17. cxb4 Qxb4 18. Rab1 Nc6 19. Nc2 Qb6 20. b3 a5 21. Ne3 Qc7 22. Qc3 Nd4 23. Rd2 Rb5 24. a4 Rb4 25. Nc2 Nxc2 26. Rxc2 e5 27. g4 Qb6 28. g5 Nd7 29. Bg4 Nb8 30. f4 Nc6 31. Bd7 Nd4 32. fxe5 Nxc2 33. e6+ Kg8 34. e7 Nd4 35. Kf1 Rxb3 36. Rxb3 Qxb3 37. exf8Q+ Kxf8 38. Qxb3 Nxb3 39. Bg4 Nc1 40. Be2 Ke7 41. Kf2 Ke6 42. Bg4+ Ke7 43. Ke3 Na2 44. Bd1 Nb4 45. Bb3 Nc6 46. Kf4 Ne5 47. Bc4 Kf8 48. Bb5 Kg7 49. Bc4 f6 50. gxf6+ Kxf6 51. Ke3 Nxc4+ 52. dxc4 Ke5 53. h4 h6 54. Kf3 Kd4 55. Kf4 Kxc4 56. e5 dxe5+ 57. Kxe5 Kb3 0-1